UM Logo

Overall loss compensation and optimization control in single-stage inductive power transfer converter delivering constant power / (Record no. 18920)

MARC details
000 -LEADER
fixed length control field 01005nam a22002417a 4500
003 - CONTROL NUMBER IDENTIFIER
control field OSt
005 - DATE AND TIME OF LATEST TRANSACTION
control field 20251027195313.0
008 - FIXED-LENGTH DATA ELEMENTS--GENERAL INFORMATION
fixed length control field 240205b ||||| |||| 00| 0 eng d
040 ## - CATALOGING SOURCE
Transcribing agency 0
082 ## - DEWEY DECIMAL CLASSIFICATION NUMBER
Classification number DPer 621.317 Ie21 January 2022 v. 37 n. 1
100 ## - MAIN ENTRY--PERSONAL NAME
Personal name Xu, Fei.
Relator term author.
9 (RLIN) 51416
245 ## - TITLE STATEMENT
Title Overall loss compensation and optimization control in single-stage inductive power transfer converter delivering constant power /
Statement of responsibility, etc. Fei Xu, Siu-Chung Wong, and Chi K. Tse.
260 ## - PUBLICATION, DISTRIBUTION, ETC. (IMPRINT)
Place of publication, distribution, etc. New York ;
Name of publisher, distributor, etc. The Institute of Electrical and Electronics Engineers, Inc. ,
Date of publication, distribution, etc. January 2022.
300 ## - PHYSICAL DESCRIPTION
Extent Volume 37, pages 1146-1158 :
Other physical details illustration ;
Dimensions 28 cm.
500 ## - GENERAL NOTE
General note IEEE Transactions on Power Electronics, v. 37 n. 1, pages 1146-1158, January 2022.
650 #0 - SUBJECT ADDED ENTRY--TOPICAL TERM
Topical term or geographic name as entry element Batteries.
9 (RLIN) 65875
650 #0 - SUBJECT ADDED ENTRY--TOPICAL TERM
Topical term or geographic name as entry element Couplers.
9 (RLIN) 65920
650 #0 - SUBJECT ADDED ENTRY--TOPICAL TERM
Topical term or geographic name as entry element Wireless communication.
9 (RLIN) 65912
700 ## - ADDED ENTRY--PERSONAL NAME
Personal name Xu, Fei.
Relator term author.
9 (RLIN) 51416
700 ## - ADDED ENTRY--PERSONAL NAME
Personal name Wong, Siu-Chung.
Relator term author.
9 (RLIN) 51417
700 ## - ADDED ENTRY--PERSONAL NAME
Personal name Tse, Chi K.
Relator term author.
9 (RLIN) 51418
942 ## - ADDED ENTRY ELEMENTS (KOHA)
Source of classification or shelving scheme Dewey Decimal Classification
Koha item type Periodicals
Holdings
Withdrawn status Lost status Source of classification or shelving scheme Damaged status Not for loan Collection code Home library Current library Date acquired Total Checkouts Full call number Date last seen Price effective from Koha item type Public note
    Dewey Decimal Classification     Periodicals UM Digos College - LIC UM Digos College - LIC 02/05/2024   DPer 621.317 Ie21 January 2022 v. 37 n. 1 02/05/2024 02/05/2024 Periodicals Periodical Article